000
00217nam a2200097Ia 4500
008
170619s9999 xx 000 0 und d
100
_a
Groover Mikell P
245
0
_a
CAD/CAM
260
_b
Singapoore: Pearson
260
_c
1984
546
_a
ENGLISH
999
_c
16998
_d
16998